000
00216 a2200085 4500
020
_a
9783938666173
100
_a
Beate Engelhorn
245
_a
Young Americans: New Architecture in the USA
260
_b
DOM Publishers
_c
2007
999
_c
13695
_d
13695